000 00644nam a2200229Ia 4500
003 OSt
005 20221007081007.0
006 a|||||r|||| 00| 0
007 ta
008 221006b |||||||| |||| 00| 0 eng d
024 _a14,423
037 _cTextual
040 _aFLL
_cFLL
_beng
041 _2eng
_aeng
082 _aX:517.1(Y:4).N7, L7
100 _aMurray Tracy Au.
_9696070
245 0 _aTrade preferences for developing countries
260 _aNew York
_bMacmillan press U.S.A.
_c1977
300 _axiv,172p
_ccm.
942 _hX:517.1(Y:4).N7, L7
_cTEXL
_2CC
999 _c1161600
_d1161600